Digestione del personale : Romanzo
Сохранить в:
| Главный автор: | |
|---|---|
| Формат: | |
| Язык: | Undetermined |
| Опубликовано: |
Milan, Italia
TEA
2009
|
| Предметы: | |
| Метки: |
Добавить метку
Нет меток, Требуется 1-ая метка записи!
|
MARC
| LEADER | 00000nam a2200000Ia 4500 | ||
|---|---|---|---|
| 008 | 170316s9999 xx 000 0 und d | ||
| 999 | |c 8132 |d 8132 | ||
| 040 | |a cru BVZT | ||
| 090 | |a 850 C-8d | ||
| 100 | |a Cacciolati, Paolo | ||
| 245 | |a Digestione del personale : Romanzo |c / Paolo Cacciolati | ||
| 260 | |a Milan, Italia |b TEA |c 2009 | ||
| 300 | |a 240 páginas | ||
| 650 | |a LITERATURA ITALIANA |9 212 | ||
| 650 | |a EN IDIOMA ITALIANO | ||
| 650 | |a NOVELA |9 13 | ||
| 942 | |c SALA |h 850 C-8d |2 z | ||
